Missing Word: A-Z Movies VI Quiz Stats

Quiz Updated Sep 30, 2016

Challenge
Share
Tweet
Embed
Score 0/26 Timer 03:00
0 Plays Today
Movie Missing Word A-Z % Correct
The ______ After TomorrowDay
99.3%
______ and ClydeBonnie
99.1%
The Good, the Bad and the ______Ugly
97%
______ FictionPulp
96.7%
Close Encounters of the Third ______Kind
96%
A ______ OrangeClockwork
95.5%
The Deer ______Hunter
94.8%
The Man in the ______ MaskIron
94%
That ______ You Do!Thing
93.5%
The Bridge on the ______ KwaiRiver
93.4%
The Hurt ______Locker
93.1%
______ Dark ThirtyZero
92.2%
______ FrankensteinYoung
92%
Movie Missing Word A-Z % Correct
Rear ______Window
90.9%
Interview with the ______Vampire
90.7%
The African ______Queen
89%
______ ParkJurassic
89%
The ______ FalconMaltese
87.6%
______ of RockSchool
86.7%
2001: A Space ______Odyssey
86.3%
______ Sarah MarshallForgetting
84.8%
______ and Old LaceArsenic
80.2%
The Great ______Escape
75.5%
X2: ______ UnitedX-Men
73.7%
The ______ of the HunterNight
64.2%
Real ______Genius
24.2%

Today's Daily Dose

You're not logged in!

Compare scores with friends on all Sporcle quizzes.
Join for Free
OR
Log In

You Might Also Like...

Show Comments

Extras

Top Quizzes Today


Score Distribution

Your Account Isn't Verified!

In order to create a playlist on Sporcle, you need to verify the email address you used during registration. Go to your Sporcle Settings to finish the process.

Report this User

Report this user for behavior that violates our Community Guidelines.

Details: